| 000 | 00788nam a2200133Ia 4500 | ||
|---|---|---|---|
| 008 | 171212s9999 xx 000 0 und d | ||
| 020 | _a9780833037299 | ||
| 100 | _aJones, Seth G.;Hilborne, Lee H.;Anthony, C. Ross;Davis, Lois M.;Girosi, Federico | ||
| 245 |
_cJones, Seth G.;Hilborne, Lee H.;Anthony, C. Ross;Davis, Lois M.;Girosi, Federico _aSecuring Health _bLessons from Nation-Building Missions |
||
| 260 |
_bRAND Corporation _c2006 |
||
| 650 | _aMedical assistance -- Evaluation; Medical assistance, American -- Evaluation; Health planning -- international cooperation; Public health -- International cooperation; Nation-building -- Case studies; War -- Health aspects; Post-war reconstruction -- Heal | ||
| 650 | _aPolitical Science | ||
| 856 | _uwww.jstor.org/stable/10.7249/mg321rc | ||
| 999 |
_c352520 _d352520 |
||